|
|
|
|
| LEADER |
02156cas a2200253 a 4500 |
| 001 |
AALejournalIMF014267 |
| 008 |
230101c9999 xx r poo 0 0eng d |
| 020 |
|
|
|c 50.00 USD
|
| 020 |
|
|
|z 9781484323854
|
| 022 |
|
|
|a 1020-5071
|
| 040 |
|
|
|a BD-DhAAL
|c BD-DhAAL
|
| 110 |
2 |
|
|a International Monetary Fund.
|b Research Dept.
|
| 240 |
1 |
0 |
|a Perspectivas de la economia mundial, abril de 2014: La recuperacion se afianza, pero sigue siendo despareja.
|l Spanish
|
| 245 |
1 |
0 |
|a Perspectivas de la economia mundial, abril de 2014 :
|b La recuperacion se afianza, pero sigue siendo despareja.
|
| 264 |
|
1 |
|a Washington, D.C. :
|b International Monetary Fund,
|c 2014.
|
| 300 |
|
|
|a 1 online resource (254 pages)
|
| 490 |
1 |
|
|a World Economic Outlook
|
| 500 |
|
|
|a <strong>Off-Campus Access:</strong> No User ID or Password Required
|
| 500 |
|
|
|a <strong>On-Campus Access:</strong> No User ID or Password Required
|
| 506 |
|
|
|a Electronic access restricted to authorized BRAC University faculty, staff and students
|
| 520 |
3 |
|
|a Prosigue la lenta recuperacion de la economia mundial tras la crisis financiera mundial, aunque ahora el impetu de crecimiento gira en torno a las economias avanzadas. En la edicion de abril de 2014 del informe WEO se examinan las causas e implicaciones de tendencias recientes, como la mayor volatilidad financiera en las economias de mercados emergentes, una inflacion inferior a lo previsto en las economias avanzadas y el repliegue de las politicas monetarias acomodaticias. Se analizan las prioridades de politica para las economias avanzadas y las economias de mercados emergentes. El informe incluye un capitulo en el que se estudian las causas del descenso mundial de las tasas de interes desde los anos ochenta y otro en el que se examinan los factores detras de las fluctuaciones del crecimiento en las economias de mercados emergentes, incluido el papel desempenado por China.
|
| 538 |
|
|
|a Mode of access: Internet
|
| 830 |
|
0 |
|a World Economic Outlook; World Economic Outlook ;
|v No. 2014/001
|
| 856 |
4 |
0 |
|z Full text available on IMF
|u http://elibrary.imf.org/view/books/081/20955-9781484323854-es/20955-9781484323854-es-book.xml
|z IMF e-Library
|